Archivo de la deuda y clases pasivas (Record no. 25671)

MARC details
000 -LEADER
campo de control de longitud fija 01163nam a2200253 i 4500
001 - NÚMERO DE CONTROL
campo de control 25671
003 - IDENTIFICADOR DE NÚMERO DE CONTROL
campo de control ES-MaACL
005 - FECHA Y HORA DE LA ÚLTIMA TRANSACCIÓN
campo de control 20230906153318.0
007 - CAMPO FIJO DE DESCRIPCIÓN FÍSICA--INFORMACIÓN GENERAL
campo de control de longitud fija t|
008 - DATOS DE LONGITUD FIJA--INFORMACIÓN GENERAL
campo de control de longitud fija 030102s1979 sp ||||1| spa d
020 ## - NÚMERO INTERNACIONAL ESTÁNDAR DEL LIBRO
Número Internacional Estándar del Libro 84-00-04482-7
245 00 - MENCIÓN DEL TÍTULO
Título Archivo de la deuda y clases pasivas
Resto del título : índice de jubilados : 1869-1911 /
Mención de responsabilidad, etc. papeleteado y ordenado bajo la dirección de Vicente de Cadenas y Vicent ; por Luisa Marta Gismero ... [et al.].
260 ## - PUBLICACIÓN, DISTRIBUCIÓN, ETC.
Lugar de publicación, distribución, etc. Madrid :
Nombre del editor, distribuidor, etc. Instituto Salazar y Castro (C.S.I.C.) :
-- Hidalguía,
Fecha de publicación, distribución, etc. 1979.
300 ## - DESCRIPCIÓN FÍSICA
Extensión 386 p. ;
Dimensiones 26 cm.
500 ## - NOTA GENERAL
Nota general Editada bajo el mecenazgo de la Asociación de Hidalgos a Fuero de España, con motivo del XXV aniversario de su fundación.
594 ## - Nota al título y mención de responsabilidad
Nota al título y mención de responsabilidad Precede al Tit.: Instituto Salazar y Castro (C.S.I.C.)
610 14 - PUNTO DE ACCESO ADICIONAL DE MATERIA--NOMBRE DE ENTIDAD CORPORATIVA
Nombre de entidad corporativa o nombre de jurisdicción como elemento de entrada España.
Unidad subordinada Dirección General de la Deuda y Clases Pasivas.
-- Archivo-
Subdivisión de forma Catálogos.
9 (RLIN) 164807
650 #4 - PUNTO DE ACCESO ADICIONAL DE MATERIA--TÉRMINO DE MATERIA
Término de materia o nombre geográfico como elemento de entrada Funcionarios-
Subdivisión geográfica España-
Subdivisión cronológica S.XIX.
9 (RLIN) 164808
650 #4 - PUNTO DE ACCESO ADICIONAL DE MATERIA--TÉRMINO DE MATERIA
Término de materia o nombre geográfico como elemento de entrada Funcionarios-
Subdivisión geográfica España-
Subdivisión cronológica S.XX.
9 (RLIN) 164809
700 1# - ENTRADA AGREGADA--NOMBRE PERSONAL
Nombre de persona Cadenas y Vicent, Vicente de.
9 (RLIN) 33391
700 1# - ENTRADA AGREGADA--NOMBRE PERSONAL
Nombre de persona Gismero, Luisa Marta.
9 (RLIN) 57344
710 2# - ENTRADA AGREGADA--NOMBRE DE ENTIDAD CORPORATIVA
Nombre de entidad corporativa o nombre de jurisdicción como elemento de entrada Instituto Salazar y Castro.
9 (RLIN) 5230
852 ## - LOCALIZACIÓN
Ubicación ES-MaACL
Número de control de estantería L-10377
Holdings
Estatus retirado Estado de pérdida Estado de daño No para préstamo Biblioteca de origen Biblioteca actual Ubicación en estantería Fecha de adquisición Fuente de adquisición Total de préstamos Signatura topográfica completa Código de barras Visto por última vez Precio de reemplazo Tipo de ítem Koha
        Biblioteca del Ateneo de Madrid Biblioteca del Ateneo de Madrid Depósito 2 17/01/2008     L-10377 1026474 23/02/2023 23/02/2023 Libro impreso